Normal view
MARC view
Entry Topical Term
001 - CONTROL NUMBER
- control field: 19541
003 - CONTROL NUMBER IDENTIFIER
- control field: OSt
005 - DATE AND TIME OF LATEST TRANSACTION
- control field: 20260224105623.0
008 - FIXED-LENGTH DATA ELEMENTS
- fixed length control field: 260224|| aca||aabn | a|a d
040 ## - CATALOGING SOURCE
- Original cataloging agency: OSt
- Transcribing agency: OSt
150 ## - HEADING--TOPICAL TERM
- Topical term or geographic name entry element: Veterinary drugs
670 ## - SOURCE DATA FOUND
- Source citation: Work cat.: (OSt)9603: Papich, Mark G. 19540, Saunders Handbook of Veterinary Drugs: small and large animals
